Les Pays de l'Union Européenne sur une Carte Vierge - Statistiques

Statistiques générales
  • Ce quiz a été pris 868 fois
    399 depuis la dernière actualisation
  • Le résultat moyen est 24 sur 27
Réponses sur la Carte
Les réponses sont colorées sur une échelle allant du rouge au vert en fonction du pourcentage des utilisateurs qui les ont devinées à leur premier essai. Vous pouvez retrouver ces pourcentages ci-dessous.
 
Statistiques - réponses
Pays % Correct
France
98%
Allemagne
95%
Espagne
93%
Belgique
92%
Italie
92%
Portugal
92%
Luxembourg
91%
Pologne
91%
Suède
90%
Autriche
89%
Lituanie
89%
Estonie
88%
Pays-Bas
88%
Grèce
87%
Hongrie
87%
Lettonie
87%
République tchèque
87%
Croatie
86%
Finlande
86%
Irlande
86%
Roumanie
86%
Slovénie
85%
Bulgarie
84%
Slovaquie
84%
Danemark
83%
Malte
80%
Chypre
72%
Aucun quiz correspondant
Distribution des résultats
% des personnes avec chaque résultat
Percentile par nombre de réponses
Votre historique - résultats
Vous n’avez pas pris ce quiz depuis la dernière actualisation